| 000 | 01408cam a2200313 a 4500 | ||
|---|---|---|---|
| 999 |
_c8150 _d8150 |
||
| 001 | 16684792 | ||
| 003 | GBCCL | ||
| 005 | 20241126110644.0 | ||
| 008 | 110309s1777 enkaf 001 0deng | ||
| 010 | _a 2010714349 | ||
| 020 | _a0785250492 | ||
| 040 |
_aDLC _cDLC _edcrmb |
||
| 041 | 1 |
_aeng _hgrc |
|
| 042 | _apcc | ||
| 050 | 0 | 0 |
_aDS116 _b.J7 1777 |
| 082 |
_a933 _bJOS |
||
| 100 | 1 |
_aJosephus, Flavius. _913009 |
|
| 240 | 1 | 0 |
_aWorks. _lEnglish. _f1777 |
| 245 | 1 | 4 |
_aJosephus : _b the complete works / _ctranslated by William Whiston |
| 260 |
_aNashville : _bThomas Nelson, _c1998. |
||
| 300 |
_a1149 : _bill. ; _c27 cm. (4to) |
||
| 505 | 0 | _a(from t.p.) containing, I. The life of Josephus as written by himself -- II. The antiquities of the Jewish people, with a defence of those antiquities, in answer to Apion -- III. The history of the martyrdom of the Maccabees, and the wars of the Jews with neighboring nations till the final destruction of Jerusalem by the Roman power -- IV. Account of Philo's ambassy [sic] from the Jews of Alexandria to the Emperor Caius Caligula. | |
| 561 | _5DLC | ||
| 650 | 0 |
_aJews _xHistory _yTo 70 A.D. _94710 |
|
| 650 | 0 |
_aJews _xHistory _yRebellion, 66-73. _914199 |
|
| 906 |
_a7 _bcbc _corignew _d2 _encip _f20 _gy-gencatlg |
||
| 942 |
_2ddc _cBK _06 |
||